LEADER 01078nam a2200253 i 4500 001 000000068882 003 CaOOAMICUS 005 20250620153219.0 008 100811s1949 it u000 u ita u 013 $a40054 040 $aSeMil$bita 100 1 $aTurati, Filippo <1857-1932>.$0(OLS)http://semarc/name/81735 245 10$aUomini della politica e della cultura /$cFilippo Turati ; per cura di Alessandro Schiavi. 260 $aBari :$bLaterza,$c1949. 300 $a160 p. ;$c21 cm. 490 0 $aBiblioteca di cultura moderna ;$v465 650 4$aUomini politici italiani - Sec. 19.-20.$0(OLS)http://semarc/subject/57930 700 1 $aSchiavi, Alessandro <1872-1965>.$0(OLS)http://semarc/name/8048 830 0$aBiblioteca di cultura moderna ;$v465.$0(OLS)http://semarc/title/639 850 $aSeMil 852 $aSeMil$W1$xVenegono$y1$m3V I 153$j258722$B35035$CSeMilBibl$Z2$F35038 $81 996 $6245$aUomini della politica e della cultura$9(OLS)http://semarc/title/110160 996 $6260$aBari :$bLaterza$9(OLS)http://semarc/publisher/29858 LEADER 01185nam a2200277 i 4500 001 000000113708 003 CaOOAMICUS 005 20030401000000.0 008 030401s1999 it u000 u ita u 013 $a86394 020 $a88-215-3989-x 040 $aSeMil$bita 100 1 $aRavasi, Gianfranco,$c.$0(OLS)http://semarc/name/244 245 13$aLa Parola e le parole :$bil vocabolario della Bibbia per l'uomo d'oggi /$cGianfranco Ravasi. 250 $a2. ed. 260 $aCinisello Balsamo :$bSan Paolo,$c1999. 300 $a399 p. ;$c22 cm. 490 0 $aAttorno alla Bibbia ;$v3 650 4$aBibbia - Commenti ai brani liturgici.$0(OLS)http://semarc/subject/1346 830 0$aAttorno alla Bibbia ;$v3.$0(OLS)http://semarc/title/13485 850 $aSeMil 852 $aSeMil$W1$xVenegono$y1$m3K V 418$j69368$B69368$CSeMilBibl$Z2$F74771 $81 961 $aRecupero: Seminario di Seveso 996 $6020$a88-215-3989-x$9(OLS)http://semarc/number/96779 996 $6245$aLa Parola e le parole :$bil vocabolario della Bibbia per l'uomo d'oggi$9(OLS)http://semarc/title/166072 996 $6260$aCinisello Balsamo :$bSan Paolo$9(OLS)http://semarc/publisher/30129